Statystyki dla Taylor Swift - quiz wielokrotnego wyboru

Kliknij tutaj aby rozwiązać quiz!

Ogólne statystyki

  • Ten quiz został rozwiązany 64 razy
  • Średni wynik to 13 z 15

Statystyki odpowiedzi

ZagadnienieOdpowiedź% Poprawnych
Jak nazywają się fani Taylor?Swifties
100%
W którym roku urodziła się Taylor Swift (podpowiedź: nazwa albumu)?1989
97%
W której piosence Taylor śpiewa "It's me, hi / I'm the problem, it's me"Anti-Hero
95%
Która z tych piosenek jest utworem Taylor Swift?Red
95%
Która z tych piosenek NIE jest piosenką Taylor Swift?Cameo
93%
Jak nazywa się trasa koncertowa Taylor w latach 2023-2024, która jest najbardziej dochodową trasą koncertową wszech czasów?The Eras Tour
93%
Który album został wydany jako pierwszy?Speak Now
88%
Która piosenka zaczyna się od słów "I stay out too late / Got nothin' in my brain"Shake It Off
85%
Dla którego piosenkarza country Taylor Swift nazwała piosenkę?Tim McGraw
83%
Którą z tych firm posiadał ojciec Taylor?Farma choinek bożonarodzeniowych
81%
Z którą z tych osób NIE umawiała się Taylor Swift?Ryan Gosling
81%
Jaka wytwórnia nagrała sześć pierwszych albumów Taylor?Big Machine Records
80%
Gdzie dorastała Taylor Swift?Pensylwania
80%
Ile wzrostu ma Taylor Swift?5'10" (178 cm)
73%
Gdzie Taylor studiowała?Nie studiowała
29%

Rozkład punktacji

Percentyl według liczby udzielonych odpowiedzi

Procent ludzi z każdym wynikiem

Twoja historia wyników

Nie rozwiązałeś tego quizu